00811cam a2200289 a 450000100090000000300040000900500170001300800410003001000170007102000150008803500230010304000350012605000240016108200240018510000180020924500430022725000120027026000440028230000280032650400530035452100370040752600130044454100060045756200060046365000250046970000270049413911047OSt20140310182703.0050324s2006 maua b 001 0 eng  a 2005047427 a0205458408 a(OCoLC)ocm58807350 aDLCcDLCdYDXdIXAdBAKERdDLC00aLB 1028b.B561 200300aM 370.78 bB46 20031 aBest, John W.10aResearch in education cBest, John W.  a9th ed. aBoston bPearson/Allyn and Baconcc2003 a 498 p. bill. c25 cm. aIncludes bibliographical references and indexes. aHigh School to College Students  c0L-1700L j1 e1 0aEducationxResearch.1 aKahn, James V.,d1948-